Normal view
MARC view
- Botany
Entry Topical Term
001 - CONTROL NUMBER
- control field: 68604
003 - CONTROL NUMBER IDENTIFIER
- control field: OSt
005 - DATE AND TIME OF LATEST TRANSACTION
- control field: 20220806111520.0
008 - FIXED-LENGTH DATA ELEMENTS
- fixed length control field: 220806|| aca||aabn | a|a d
040 ## - CATALOGING SOURCE
- Original cataloging agency: OSt
- Transcribing agency: OSt
150 ## - HEADING--TOPICAL TERM
- Topical term or geographic name entry element: Botany
670 ## - SOURCE DATA FOUND
- Source citation: Work cat.: (OSt)38533: Dhumal, K. N. &. Others 68603, Taxonomy Of Angiosperms, Plant Community And Plant Physiology (botany Paper-i&ii), 2014